000 00464nam a2200181Ia 4500
001 9870
005 20260306161750.0
008 260306t2013||||xx |||||||||||||| ||spa||
041 _aESP
082 _a808.02
_bR22
100 _aRamírez Gelbes, Silvia
_eAUT
245 0 _aCómo redactar un paper:
_bla escritura de artículos científicos
260 _c2013
300 _a183 páginas :
_c27 cm.
650 _aGEN
654 _aCHU
942 _cLIB
_dJUS
_fJUS
_2ddc
_n
999 _c9870
_d9870